000 00308nam a22001337a 4500
008 181022b xxu||||| |||| 00| 0 eng d
020 _a9780323036573
041 _aeng
080 _29th
_a610
100 _a4
101 _aSHM
245 _aFundamentals of Respiratory Care
_cWilkins,R.L
942 _2udc
_cBK
999 _c50418
_d50418